Physics of optoelectronics / (Record no. 175554)
[ view plain ]
| 000 -LEADER | |
|---|---|
| fixed length control field | 01387 a2200217 4500 |
| 003 - CONTROL NUMBER IDENTIFIER | |
| control field | Nust |
| 005 - DATE AND TIME OF LATEST TRANSACTION | |
| control field | 20220811153638.0 |
| 010 ## - LIBRARY OF CONGRESS CONTROL NUMBER | |
| LC control number | 2004059307 |
| 020 ## - INTERNATIONAL STANDARD BOOK NUMBER | |
| International Standard Book Number | 0824753852 |
| 040 ## - CATALOGING SOURCE | |
| Transcribing agency | Nust |
| 082 00 - DEWEY DECIMAL CLASSIFICATION NUMBER | |
| Classification number | 621.381045,PAR |
| 100 1# - MAIN ENTRY--PERSONAL NAME | |
| Personal name | Parker, Michael A. |
| 9 (RLIN) | 61029 |
| 245 10 - TITLE STATEMENT | |
| Title | Physics of optoelectronics / |
| Statement of responsibility, etc. | Michael A. Parker. |
| 246 30 - VARYING FORM OF TITLE | |
| Title proper/short title | Optoelectronics |
| 260 ## - PUBLICATION, DISTRIBUTION, ETC. | |
| Place of publication, distribution, etc. | Boca Raton, FL : |
| Name of publisher, distributor, etc. | Taylor & Francis, |
| Date of publication, distribution, etc. | 2005. |
| 300 ## - PHYSICAL DESCRIPTION | |
| Extent | xvi, 742 p. : |
| Other physical details | ill. ; |
| Dimensions | 26 cm. |
| 505 ## - FORMATTED CONTENTS NOTE | |
| Formatted contents note | Introduction to Semiconductor Lasers (Page-2), Introduction to Laser Dynamics (Page-47), Classical Electromagnetic and Lasers (Page-108), Mathematical Foundations (Page-197), Fundamentals of Dynamics (Page-257),Light (Page-353), Matter 'Alight Interaction (Page-480), Semiconductor Emitters and Detectors (Page-611), Review of Integrating Factors (Page-681), Rate and Continuity Equations (Page-683), The Group Velocity (Page-685), Review of Probability Theory and Statistics (Page-693),The Dirac Delta Function (Page-701), Coordinate Representations of the Schrodinger Wave Equation (Page-713), Integrals with Two Time Scales (Page-715), The Dipole Approximation (Page-719 ), The Density Operator and the Boltzmann Distribution (Page-723). |
| 650 #0 - SUBJECT ADDED ENTRY--TOPICAL TERM | |
| Topical term or geographic name entry element | Telecommunication Engineering. |
| 856 42 - ELECTRONIC LOCATION AND ACCESS | |
| Materials specified | Publisher description |
| Uniform Resource Identifier | <a href="http://www.loc.gov/catdir/enhancements/fy0648/2004059307-d.html">http://www.loc.gov/catdir/enhancements/fy0648/2004059307-d.html</a> |
| 942 ## - ADDED ENTRY ELEMENTS (KOHA) | |
| Koha item type | Reference |
| Source of classification or shelving scheme | |
| Withdrawn status | Lost status | Source of classification or shelving scheme | Damaged status | Not for loan | Permanent Location | Current Location | Shelving location | Date acquired | Full call number | Barcode | Date last seen | Price effective from | Koha item type | Public note |
|---|---|---|---|---|---|---|---|---|---|---|---|---|---|---|
| Military College of Signals (MCS) | Military College of Signals (MCS) | Reference | 12/12/2016 | 621.381045,PAR | MCS32403 | 12/08/2016 | 12/12/2016 | Reference | Almirah No.21, Shelf No.2 |
